[Event "Lliga Catalana eq. DH"]
[Site "?"]
[Date "2014.01.25"]
[Round "1.8"]
[White "Llaneza Vega, P."]
[Black "Garcia Jimenez, FJ."]
[Result "1/2-1/2"]
[WhiteElo "2306"]
[BlackElo "2362"]
[PlyCount "142"]
[EventDate "2014.??.??"]
[EventType "team"]
[EventCountry "ESP"]

1. e4 d5 2. exd5 Qxd5 3. Nc3 Qd8 4. d4 Nf6 5. Nf3 Bg4 6. h3 Bxf3 7. Qxf3 c6 8.
Be3 e6 9. Bd3 Nbd7 10. O-O Bd6 11. Ne2 O-O 12. c4 Re8 13. Rad1 Qc7 14. Bb1 c5
15. dxc5 Bxc5 16. Bg5 Be7 17. b3 Rad8 18. Nc3 a6 19. Bf4 Qa5 20. Ne4 b5 21.
cxb5 axb5 22. Nd6 Bxd6 23. Bxd6 Nd5 24. b4 Qa6 25. Bg3 Nf8 26. Be5 Ng6 27. Bb2
Rc8 28. a3 Qa4 29. Be4 Nb6 30. Bc6 Re7 31. Bb7 Rb8 32. Qc3 f5 33. Bc6 Rc8 34.
Qc5 Nc4 35. Bc1 Nxa3 36. Bxb5 Qa8 37. Qb6 Nh4 38. Bc6 Qxc6 39. Qxc6 Rxc6 40.
Bxa3 Rb7 41. Rd8+ Kf7 42. Rfd1 Rcc7 43. R8d4 Ng6 44. Rb1 Ne7 45. b5 Nd5 46. Bd6
Rc2 47. Rb3 Ra2 48. Rc4 Ra5 49. Rc8 g6 50. Rf8+ Kg7 51. Re8 Kf7 52. Rf8+ Kg7
53. Re8 Raxb5 54. Rxb5 Rxb5 55. Rxe6 Rb6 56. Be5+ Kf7 57. Rxb6 Nxb6 58. Bd4 Nc4
59. Kf1 Ke6 60. Ke2 Kd5 61. Be3 Ke4 62. f3+ Ke5 63. g3 Nxe3 64. Kxe3 f4+ 65.
gxf4+ Kf5 66. h4 h6 67. Kf2 Kxf4 68. Kg2 g5 69. hxg5 hxg5 70. Kf2 g4 71. fxg4
Kxg4 1/2-1/2

[Event "Lliga Catalana eq. DH"]
[Site "?"]
[Date "2014.01.25"]
[Round "1.8"]
[White "Lopez Agustench, E."]
[Black "Marques Taltavull, A."]
[Result "0-1"]
[WhiteElo "2317"]
[BlackElo "2254"]
[PlyCount "138"]
[EventDate "2014.??.??"]
[EventType "team"]
[EventCountry "ESP"]

1. d4 e6 2. Nf3 Nf6 3. c4 b6 4. g3 Bb7 5. Bg2 Be7 6. O-O O-O 7. Re1 Na6 8. a3
d5 9. cxd5 exd5 10. Nc3 c5 11. Bf4 Nc7 12. Bxc7 Qxc7 13. Rc1 Rad8 14. e3 Rfe8
15. Ne5 a6 16. f4 Bd6 17. g4 Bxe5 18. fxe5 Ne4 19. Rf1 Nxc3 20. Rxc3 c4 21. Rf4
Bc8 22. g5 Re6 23. Qh5 h6 24. h4 Qe7 25. Rc2 Rg6 26. Rcf2 Be6 27. e4 hxg5 28.
hxg5 Qxg5 29. Qxg5 Rxg5 30. exd5 Bxd5 31. Kf1 Bxg2+ 32. Rxg2 Rxg2 33. Kxg2 Kf8
34. Kf3 Ke7 35. Ke4 Ke6 36. Rg4 f5+ 37. exf6 gxf6 38. Rg6 Rh8 39. d5+ Kf7 40.
Rg2 Rh4+ 41. Ke3 Ke7 42. Rf2 b5 43. a4 Rh6 44. axb5 axb5 45. Kd4 Kd6 46. Rf4
Rg6 47. b3 cxb3 48. Rf1 b2 49. Kc3 Kxd5 50. Kxb2 Ke4 51. Re1+ Kd3 52. Rd1+ Ke4
53. Re1+ Kd5 54. Rd1+ Ke6 55. Kc3 Rg4 56. Rb1 b4+ 57. Kd3 f5 58. Ke3 Ke5 59.
Ra1 Rg3+ 60. Kf2 Rb3 61. Ra8 Kf4 62. Rf8 Rb2+ 63. Kf1 b3 64. Rb8 Kf3 65. Kg1 f4
66. Rb7 Rb1+ 67. Kh2 Kf2 68. Kh3 f3 69. Kg4 Kg2 0-1

[Event "Lliga Catalana eq. DH"]
[Site "?"]
[Date "2014.03.29"]
[Round "1.8"]
[White "Martinez Ramirez, E."]
[Black "Rahal, M."]
[Result "0-1"]
[WhiteElo "2372"]
[BlackElo "2426"]
[PlyCount "86"]
[EventDate "2014.??.??"]
[EventType "team"]
[EventCountry "ESP"]

1. e4 e6 2. Nf3 d5 3. Nc3 Nf6 4. e5 Nfd7 5. d4 c5 6. dxc5 Nc6 7. Bf4 Bxc5 8.
Bd3 f6 9. exf6 Nxf6 10. Qe2 O-O 11. O-O-O a6 12. Ne5 Bd7 13. g4 Nh5 14. gxh5
Rxf4 15. Rhg1 Nxe5 16. Qxe5 Qf6 17. Qc7 Bc6 18. Rxg7+ Qxg7 19. Qxf4 Rf8 20. Qh4
Bxf2 21. Qh3 Qh6+ 22. Kb1 Kh8 23. Rf1 Bc5 24. Re1 Rf6 25. Qg4 Qg7 26. h3 Qxg4
27. hxg4 h6 28. a3 Kg7 29. Ne2 Bf2 30. Rf1 b5 31. c3 Be3 32. Nd4 Rxf1+ 33. Bxf1
Bd7 34. Nc2 Bc5 35. b4 Bf2 36. Kc1 Kf6 37. Kd2 Kg5 38. Ke2 Bb6 39. Ne3 Kf4 40.
g5 Kxg5 41. Bh3 Bxe3 42. Kxe3 Kxh5 43. Kf4 e5+ 0-1

[Event "Lliga Catalana eq. DH"]
[Site "?"]
[Date "2014.02.22"]
[Round "1.8"]
[White "Perez Mitjans, O."]
[Black "Perpinya Rofes, LM."]
[Result "1/2-1/2"]
[WhiteElo "2471"]
[BlackElo "2453"]
[PlyCount "123"]
[EventDate "2014.??.??"]
[EventType "team"]
[EventCountry "ESP"]

1. e4 c5 2. Nf3 Nc6 3. Bb5 e6 4. O-O Nge7 5. b3 a6 6. Bxc6 Nxc6 7. Bb2 b5 8. d4
cxd4 9. Nxd4 Qf6 10. a4 Bc5 11. c3 bxa4 12. Nxc6 dxc6 13. b4 Rb8 14. Nd2 O-O
15. Nc4 Ba7 16. Na5 Rd8 17. Qe2 e5 18. Bc1 c5 19. Be3 Bd7 20. Rfd1 Bb6 21. Bxc5
Bxa5 22. bxa5 Bb5 23. c4 Qc6 24. cxb5 Qxc5 25. bxa6 Qxa5 26. g3 g6 27. Qc4
Rxd1+ 28. Rxd1 a3 29. Rd7 Rf8 30. Rd5 Qe1+ 31. Kg2 a2 32. Qxa2 Qxe4+ 33. f3 Qe3
34. a7 e4 35. a8=Q Qxf3+ 36. Kh3 Qf1+ 37. Kg4 Qf3+ 38. Kh3 Qf1+ 39. Kh4 Qf6+
40. Rg5 Rxa8 41. Qxa8+ Kg7 42. Qxe4 h6 43. Qe5 hxg5+ 44. Qxg5 Qd4+ 45. Kh3 Qe4
46. Qd2 Qf5+ 47. Kg2 Qe4+ 48. Kg1 Qb1+ 49. Kf2 Qe4 50. Qc3+ Kg8 51. h4 Qf5+ 52.
Ke3 Qe6+ 53. Kf2 Qf5+ 54. Kg2 Qe4+ 55. Kg1 Qe2 56. Qf6 Qe1+ 57. Kg2 Qe2+ 58.
Kh3 Qd1 59. Qe5 Qf1+ 60. Kg4 Qd1+ 61. Kg5 Qd2+ 62. Qf4 1/2-1/2

[Event "Lliga Catalana eq. DH"]
[Site "?"]
[Date "2014.01.25"]
[Round "1.8"]
[White "Raineri de Luca, P."]
[Black "Fernandez Fuentes, FX."]
[Result "1/2-1/2"]
[WhiteElo "2370"]
[BlackElo "2244"]
[PlyCount "60"]
[EventDate "2014.??.??"]
[EventType "team"]
[EventCountry "ESP"]

1. d4 Nf6 2. c4 c5 3. d5 e5 4. Nc3 d6 5. e4 Be7 6. Be2 O-O 7. Be3 a6 8. a4 Ne8
9. Bg4 Nd7 10. Nf3 g6 11. Bh6 Ng7 12. Qd3 f5 13. Bh3 Nb8 14. Nd2 Bg5 15. Bxg7
Kxg7 16. O-O Bxd2 17. Qxd2 f4 18. Bxc8 Qxc8 19. f3 a5 20. Nb5 Qd7 21. Ra3 b6
22. g3 Na6 23. Nc3 g5 24. Nb5 Rf6 25. Kg2 Kf7 26. g4 h5 27. h3 Rh8 28. Raa1 Nb4
29. Rh1 Rfh6 30. Rag1 h4 1/2-1/2

[Event "Lliga Catalana eq. DH"]
[Site "?"]
[Date "2014.01.25"]
[Round "1.8"]
[White "Subirachs Mancebo, G."]
[Black "Ibañez Tarradellas, E."]
[Result "1-0"]
[WhiteElo "2213"]
[BlackElo "2400"]
[PlyCount "93"]
[EventDate "2014.??.??"]
[EventType "team"]
[EventCountry "ESP"]

1. e4 d5 2. exd5 Qxd5 3. Nc3 Qa5 4. d4 Nf6 5. Nf3 Bg4 6. h3 Bh5 7. g4 Bg6 8.
Ne5 Nbd7 9. Nc4 Qa6 10. Bf4 Qe6+ 11. Ne3 Qb6 12. Nc4 Qe6+ 13. Ne3 O-O-O 14. d5
Nxd5 15. Qxd5 Qxd5 16. Ncxd5 e6 17. Nc3 Nb6 18. Bg2 Bb4 19. O-O Bxc3 20. bxc3
Na4 21. Rfe1 f6 22. Rab1 c6 23. Bxc6 Nc5 24. Bg2 e5 25. Bg3 Rd2 26. Red1 Bxc2
27. Rxd2 Bxb1 28. Nf5 Rd8 29. Ne7+ Kc7 30. Nd5+ Kc8 31. Rb2 Be4 32. Bxe4 Nxe4
33. c4 a6 34. Kg2 b5 35. Ne3 bxc4 36. Nxc4 Rd4 37. Rc2 Kd7 38. f3 Nxg3 39. Kxg3
Ke6 40. Kf2 g6 41. Ke3 f5 42. Nb2 h5 43. Rc6+ Kf7 44. Nd3 f4+ 45. Ke2 Ra4 46.
Nxe5+ Ke7 47. Nxg6+ 1-0

[Event "Lliga Catalana eq. DH"]
[Site "?"]
[Date "2014.02.15"]
[Round "1.8"]
[White "Tallo Dominguez, I."]
[Black "Castellet Giralt, G."]
[Result "0-1"]
[WhiteElo "2338"]
[BlackElo "2293"]
[PlyCount "68"]
[EventDate "2014.??.??"]
[EventType "team"]
[EventCountry "ESP"]

1. e4 c5 2. Nf3 g6 3. d4 cxd4 4. Nxd4 Nc6 5. Nc3 Bg7 6. Nde2 Nf6 7. g3 O-O 8.
Bg2 d6 9. O-O Rb8 10. a4 a6 11. Nd5 Nd7 12. c3 b5 13. axb5 axb5 14. Be3 e6 15.
Ndf4 Nc5 16. Nd3 Nxd3 17. Qxd3 Ne5 18. Qc2 Bb7 19. Rfd1 Ng4 20. Bc5 Qf6 21.
Rxd6 Rfc8 22. Ba7 Ra8 23. Nf4 Bh6 24. Rb6 Rc7 25. Rxb5 Bxf4 26. gxf4 Qxf4 27.
h3 Ne5 28. Rba5 Nf3+ 29. Bxf3 Qxf3 30. R5a4 Bc6 31. Bb6 Rxa4 32. Rxa4 Rd7 33.
Rd4 Rxd4 34. Bxd4 Bxe4 0-1

[Event "Lliga Catalana eq. DH"]
[Site "?"]
[Date "2014.01.25"]
[Round "1.9"]
[White "Arias Boo, G."]
[Black "Lopez Forn, M."]
[Result "1-0"]
[WhiteElo "2392"]
[BlackElo "2176"]
[PlyCount "47"]
[EventDate "2014.??.??"]
[EventType "team"]
[EventCountry "ESP"]

1. d4 Nf6 2. c4 e5 3. dxe5 Ne4 4. a3 b6 5. Nf3 Bb7 6. e3 d6 7. b4 Be7 8. Bb2
O-O 9. Nc3 f5 10. Nd5 Nd7 11. Nd4 Nxe5 12. Ne6 Qe8 13. Nxf8 Qxf8 14. Be2 Rc8
15. O-O Bf6 16. Rb1 Kh8 17. f3 c6 18. Nxf6 Nxf6 19. c5 Rd8 20. Qc2 Nfd7 21.
cxd6 Qxd6 22. Rbd1 Qe6 23. Qc3 Re8 24. f4 1-0

[Event "Lliga Catalana eq. DH"]
[Site "?"]
[Date "2014.02.15"]
[Round "1.9"]
[White "Bautista Perez, C."]
[Black "Diaz Camallonga, C."]
[Result "0-1"]
[WhiteElo "2003"]
[BlackElo "2314"]
[PlyCount "82"]
[EventDate "2014.??.??"]
[EventType "team"]
[EventCountry "ESP"]

1. d4 Nf6 2. Nf3 e6 3. Bf4 b6 4. e3 Bb7 5. Bd3 Be7 6. Nbd2 c5 7. c3 d6 8. h3
Nc6 9. Bh2 Rc8 10. O-O O-O 11. Qe2 Qc7 12. Rac1 Nb8 13. e4 cxd4 14. e5 Nfd7 15.
cxd4 Qxc1 16. Rxc1 Rxc1+ 17. Nf1 dxe5 18. Nxe5 Nxe5 19. Bxe5 Nd7 20. Bf4 Rcc8
21. Qh5 g6 22. Qh6 Bf6 23. Bb5 Bc6 24. Ba6 Ra8 25. Bd6 Rfe8 26. Qc1 Bd5 27. Qc3
Nc5 28. Bb5 Ne4 29. Qb4 Nxd6 30. Qxd6 Red8 31. Qf4 Bg7 32. a3 Bb7 33. Qc7 Rab8
34. Bd7 Bxd4 35. b4 Bf6 36. Ne3 h5 37. Nc4 Bd5 38. Nd6 Rf8 39. Nc8 Rb7 40. Qd6
Rd8 41. Qf4 Rbxd7 0-1

[Event "Lliga Catalana eq. DH"]
[Site "?"]
[Date "2014.01.25"]
[Round "1.9"]
[White "Castellano Egea, E."]
[Black "Bru Rull, L."]
[Result "1-0"]
[WhiteElo "2282"]
[BlackElo "2263"]
[PlyCount "111"]
[EventDate "2014.??.??"]
[EventType "team"]
[EventCountry "ESP"]

1. e4 e6 2. b3 d5 3. Bb2 Nf6 4. e5 Nfd7 5. f4 c5 6. Nc3 Nc6 7. Qg4 g6 8. O-O-O
a6 9. Nf3 b5 10. h4 h5 11. Qg3 Nb6 12. Ng5 b4 13. Ne2 Ne7 14. Qh3 Nf5 15. g4
hxg4 16. Qxg4 Bb7 17. Bg2 Qc7 18. h5 gxh5 19. Rxh5 Rxh5 20. Qxh5 Ng7 21. Qh7
O-O-O 22. Qg8 d4 23. Bxb7+ Kxb7 24. Qxf7 Qxf7 25. Nxf7 Re8 26. Rg1 Kc6 27. Rg6
Nd5 28. Kd1 Kd7 29. Nd6 Bxd6 30. Rxg7+ Be7 31. Ke1 Rf8 32. Rg4 Rh8 33. Kf2 Rh3
34. Kg2 d3 35. cxd3 Rxd3 36. Bc1 Nb6 37. Rg3 Rxg3+ 38. Kxg3 c4 39. bxc4 Nxc4
40. d3 Nb6 41. f5 Nd5 42. f6 Nxf6 43. exf6 Bxf6 44. Kf3 Kd6 45. Ke4 a5 46. Bf4+
e5 47. Bc1 Ke6 48. Bb2 a4 49. Ng1 b3 50. axb3 axb3 51. Nf3 Bd8 52. Nxe5 Bb6 53.
Nc4 Bg1 54. Nd2 Bb6 55. Nxb3 Ba7 56. Ba3 1-0

[Event "Lliga Catalana eq. DH"]
[Site "?"]
[Date "2014.02.01"]
[Round "1.9"]
[White "Codina Garcia, J."]
[Black "Guerrero Sanmarti, R."]
[Result "1-0"]
[WhiteElo "2219"]
[BlackElo "2332"]
[PlyCount "65"]
[EventDate "2014.??.??"]
[EventType "team"]
[EventCountry "ESP"]

1. d4 e6 2. e4 b6 3. Nf3 Bb7 4. Bd3 c5 5. c3 Nf6 6. Nbd2 Nc6 7. a3 Be7 8. O-O
Qc7 9. Qe2 h6 10. b4 g5 11. Bb2 Rg8 12. dxc5 bxc5 13. b5 Na5 14. c4 Nh5 15. g3
g4 16. Ne1 O-O-O 17. Ng2 Bg5 18. Ne3 f5 19. Rfe1 f4 20. Nef1 Rdf8 21. Qd1 fxg3
22. fxg3 Bf4 23. Bc3 Bxg3 24. hxg3 Nxg3 25. Bxa5 Qf4 26. Re2 Rg5 27. Rg2 Rh5
28. Re2 Rh1+ 29. Kg2 Qg5 30. Qe1 Nxe2 31. Bxe2 Qh5 32. Qg3 e5 33. Bxg4 1-0

[Event "Lliga Catalana eq. DH"]
[Site "?"]
[Date "2014.01.25"]
[Round "1.9"]
[White "Codina Garcia, J."]
[Black "Oset Teixidor, G."]
[Result "1-0"]
[WhiteElo "2219"]
[BlackElo "2096"]
[PlyCount "54"]
[EventDate "2014.??.??"]
[EventType "team"]
[EventCountry "ESP"]

1. d4 Nf6 2. Nf3 b6 3. g3 Bb7 4. Bg2 e6 5. O-O Be7 6. c4 O-O 7. Nc3 d6 8. Qc2
Nbd7 9. e4 c5 10. d5 e5 11. Ne1 Re8 12. Nd3 Nf8 13. f4 exf4 14. gxf4 Ng6 15. e5
Ng4 16. h3 Nh6 17. f5 Nh4 18. f6 Bf8 19. Bxh6 gxh6 20. e6 Rxe6 21. dxe6 Nxg2
22. e7 Bxe7 23. fxe7 Qxe7 24. Qe2 Ne3 25. Rf2 Qg5+ 26. Kh2 Kh8 27. Rg1 Qe7 1-0

[Event "Lliga Catalana eq. DH"]
[Site "?"]
[Date "2014.03.29"]
[Round "1.9"]
[White "Colon Garcia, E."]
[Black "Perez Mañas, B."]
[Result "0-1"]
[WhiteElo "2405"]
[BlackElo "2375"]
[PlyCount "75"]
[EventDate "2014.??.??"]
[EventType "team"]
[EventCountry "ESP"]

1. e4 c6 2. Nc3 d5 3. Nf3 Bg4 4. Be2 e6 5. d4 Nf6 6. e5 Nfd7 7. Ng5 Bf5 8. Bh5
g6 9. Be2 h6 10. Nf3 c5 11. Nb5 Nc6 12. Nd6+ Bxd6 13. exd6 Be4 14. dxc5 Qa5+
15. c3 Qxc5 16. O-O g5 17. Be3 Qxd6 18. Nd2 Bg6 19. Bh5 Bxh5 20. Qxh5 Nf6 21.
Qf3 e5 22. Nb3 O-O-O 23. Rad1 Kb8 24. Rfe1 e4 25. Qh3 Ne5 26. Bc5 Qc7 27. Bd4
g4 28. Qg3 Rde8 29. Nd2 Rhg8 30. Kh1 Nh5 31. Qe3 b6 32. b3 Nd3 33. Rf1 f5 34.
Qxh6 Nhf4 35. c4 Rg6 36. Qh4 Ne2 37. Ba1 Qd6 38. h3 0-1

[Event "Lliga Catalana eq. DH"]
[Site "?"]
[Date "2014.02.01"]
[Round "1.9"]
[White "Fernandez Serrano, P."]
[Black "Ferret Soler, A."]
[Result "1-0"]
[WhiteElo "2245"]
[BlackElo "2059"]
[PlyCount "88"]
[EventDate "2014.??.??"]
[EventType "team"]
[EventCountry "ESP"]

1. d4 g6 2. Bf4 Bg7 3. e3 d6 4. Nf3 Nf6 5. Be2 O-O 6. O-O Nc6 7. h3 Nd7 8. Bh2
e5 9. a4 a5 10. Na3 e4 11. Nd2 Qe7 12. Nb5 Nf6 13. Qb1 Na7 14. c4 Nxb5 15. axb5
b6 16. b4 Bb7 17. bxa5 Rxa5 18. Rxa5 bxa5 19. Qa1 Ra8 20. Qa3 Bf8 21. Ra1 c5
22. Qc3 cxd4 23. exd4 a4 24. Bf4 Nd7 25. Be3 Bg7 26. Qc1 f5 27. Nb1 f4 28. Bxf4
Bxd4 29. Ra2 Nc5 30. Bg5 Qe5 31. Bf4 Qf6 32. Be3 Nb3 33. Qd1 Bxe3 34. fxe3 Qg5
35. Qxd6 Qxe3+ 36. Kh2 Nc1 37. Qe6+ Kf8 38. Qf6+ Ke8 39. Qe6+ Kf8 40. Qf6+ Ke8
41. Qh8+ Kf7 42. Qxh7+ Kf6 43. Qh4+ Kg7 44. Rd2 Nxe2 1-0

[Event "Lliga Catalana eq. DH"]
[Site "?"]
[Date "2014.01.25"]
[Round "1.9"]
[White "Obon Temprano, S."]
[Black "Yepes Martinez, E."]
[Result "1-0"]
[WhiteElo "2365"]
[BlackElo "2320"]
[PlyCount "135"]
[EventDate "2014.??.??"]
[EventType "team"]
[EventCountry "ESP"]

1. e4 e6 2. d4 d5 3. Nd2 Nf6 4. e5 Nfd7 5. Bd3 c5 6. c3 Nc6 7. Ne2 cxd4 8. cxd4
f6 9. exf6 Nxf6 10. Nf3 Bd6 11. O-O O-O 12. Bf4 Bxf4 13. Nxf4 Ng4 14. Qd2 Qf6
15. Nh5 Qh6 16. Qxh6 Nxh6 17. Ng3 a6 18. Rad1 Bd7 19. Rfe1 g6 20. Ne5 Nxe5 21.
Rxe5 Rac8 22. Ree1 Nf7 23. Rc1 Nd6 24. Ne2 Kf7 25. Rxc8 Nxc8 26. Rc1 Ke7 27. f3
Kd6 28. Kf2 Ne7 29. Ke3 Nc6 30. f4 Nb4 31. Bb1 Nc6 32. Ng1 Na5 33. b3 Nc6 34.
Nf3 Ne7 35. Ne5 Bb5 36. h4 Be8 37. g3 Rg8 38. Rg1 Bb5 39. Rc1 Be8 40. Rg1 Bb5
41. Nf7+ Kd7 42. Rc1 Rg7 43. Ne5+ Kd6 44. g4 Be8 45. Rg1 Rg8 46. g5 Rg7 47. Ng4
Ng8 48. Rc1 Bc6 49. Ne5 Ne7 50. Rh1 Be8 51. Ng4 Ng8 52. Rc1 Bc6 53. a3 Rf7 54.
Ne5 Rc7 55. Bd3 Ne7 56. h5 Be8 57. Rxc7 Kxc7 58. h6 Kd6 59. Kd2 Kc7 60. Ng4 Ng8
61. Ke3 Kd6 62. Kf3 Kc7 63. Ke3 Kd6 64. Kd2 Kc7 65. Kc3 Kd6 66. Kb4 Kc7 67. a4
Kd6 68. a5 1-0

[Event "Lliga Catalana eq. DH"]
[Site "?"]
[Date "2014.02.08"]
[Round "1.9"]
[White "Palomares, J."]
[Black "Hernando Rodrigo, JM."]
[Result "0-1"]
[WhiteElo "2040"]
[BlackElo "2368"]
[PlyCount "46"]
[EventDate "2014.??.??"]
[EventType "team"]
[EventCountry "ESP"]

1. g3 Nf6 2. Bg2 d5 3. Nf3 c5 4. d3 Nc6 5. Nbd2 Bg4 6. h3 Bh5 7. O-O e6 8. c4
Be7 9. Qb3 Rb8 10. a3 O-O 11. g4 Bg6 12. Nh4 dxc4 13. Nxc4 Nd4 14. Qd1 Nxe2+
15. Qxe2 Bxd3 16. Qf3 Bxc4 17. Rd1 Nd5 18. Nf5 exf5 19. b3 fxg4 20. hxg4 Be2
21. Qxd5 Bxd1 22. Bf4 Qxd5 23. Bxd5 Bxg4 0-1

[Event "Lliga Catalana eq. DH"]
[Site "?"]
[Date "2014.02.22"]
[Round "1.9"]
[White "Rahal, M."]
[Black "Jose Abril, R."]
[Result "0-1"]
[WhiteElo "2426"]
[BlackElo "2397"]
[PlyCount "86"]
[EventDate "2014.??.??"]
[EventType "team"]
[EventCountry "ESP"]

1. e4 c5 2. Nc3 g6 3. f4 Bg7 4. Nf3 Nc6 5. Bb5 Nd4 6. Bc4 d6 7. O-O Nf6 8. h3
O-O 9. d3 a6 10. a4 Rb8 11. Nxd4 cxd4 12. Nd5 Nxd5 13. Bxd5 Be6 14. f5 Bxd5 15.
exd5 Rc8 16. Rf2 Rc5 17. Qf3 Qc8 18. Bg5 f6 19. Bh4 Qxf5 20. Qxf5 gxf5 21. Re1
Kf7 22. Rxf5 Rxc2 23. Rf4 Rxb2 24. Rxd4 Rc8 25. Rde4 Bf8 26. Rc4 Rxc4 27. dxc4
Rb4 28. Bf2 Rxa4 29. Rb1 Rxc4 30. Rxb7 Rc1+ 31. Kh2 Rd1 32. Rb6 Rxd5 33. Rxa6
Bh6 34. Ra4 Rd2 35. Kg3 Rd3+ 36. Kh2 f5 37. Bh4 Bg7 38. Bf2 Bf6 39. g4 fxg4 40.
hxg4 Kg6 41. Kg2 Kg5 42. Re4 d5 43. Be3+ Kg6 0-1

[Event "Lliga Catalana eq. DH"]
[Site "?"]
[Date "2014.01.25"]
[Round "1.9"]
[White "Roca Diaz, MA."]
[Black "Garcia Castany Musellas, G."]
[Result "0-1"]
[WhiteElo "2148"]
[BlackElo "2215"]
[PlyCount "104"]
[EventDate "2014.??.??"]
[EventType "team"]
[EventCountry "ESP"]

1. d4 d5 2. c4 c6 3. Nc3 Nf6 4. e3 g6 5. Nf3 Bg7 6. Ne5 O-O 7. Qb3 e6 8. cxd5
exd5 9. Be2 Nbd7 10. Nxd7 Nxd7 11. Bd2 f5 12. h4 h5 13. O-O-O Nf6 14. f3 Re8
15. Bd3 b5 16. Kb1 Bh6 17. Rde1 Be6 18. Ne2 Ne4 19. Bxe4 dxe4 20. Qc2 Bd5 21.
f4 a5 22. Nc1 a4 23. Bb4 Bf8 24. Bxf8 Rxf8 25. Qc5 Qa5 26. a3 Rfb8 27. Qd6 Bf7
28. Na2 Rd8 29. Qc5 Bxa2+ 30. Kxa2 Rac8 31. Rc1 Qc7 32. Rc3 Rd5 33. Qxd5+ cxd5
34. Rxc7 Rxc7 35. Kb1 b4 36. axb4 Rb7 37. Rc1 Rxb4 38. Rc3 Kf7 39. Ka2 Ke6 40.
Ka3 Rb6 41. Ka2 Kd6 42. Ra3 Rb4 43. Kb1 Rc4 44. Ka2 Kc6 45. b3 Rc2+ 46. Kb1 Rc3
47. Rxa4 Rxb3+ 48. Kc2 Rxe3 49. Ra6+ Kb5 50. Rd6 Kc4 51. Rc6+ Kxd4 52. Rxg6
Rc3+ 0-1

[Event "Lliga Catalana eq. DH"]
[Site "?"]
[Date "2014.01.25"]
[Round "1.9"]
[White "Velasco Blasco, JM."]
[Black "Gutierrez Clares, J."]
[Result "0-1"]
[WhiteElo "2224"]
[BlackElo "2321"]
[PlyCount "72"]
[EventDate "2014.??.??"]
[EventType "team"]
[EventCountry "ESP"]

1. d4 Nf6 2. Nc3 d5 3. Bg5 Bf5 4. e3 c6 5. Bd3 e6 6. g4 Bxd3 7. Qxd3 Be7 8. h3
h5 9. O-O-O hxg4 10. Nge2 gxh3 11. Nf4 Na6 12. Nxh3 Qa5 13. Bxf6 Bxf6 14. a3
O-O-O 15. Nf4 c5 16. Nh5 cxd4 17. exd4 Bg5+ 18. Kb1 g6 19. Ng3 Kb8 20. Nge2 Qc7
21. Rdg1 Bf6 22. Qf3 Qe7 23. Rxh8 Rxh8 24. Rh1 Rxh1+ 25. Qxh1 Nc7 26. f4 a6 27.
Qf3 Ne8 28. Na4 Nd6 29. Nc5 Nc4 30. Qd3 Ka7 31. Ka2 Qc7 32. b3 Nd6 33. Nc3 Nf5
34. Nb5+ axb5 35. Qxb5 Bxd4 36. Qa4+ Kb8 0-1

[Event "Lliga Catalana eq. DH"]
[Site "?"]
[Date "2014.01.25"]
[Round "1.10"]
[White "Garcia Castellote, O."]
[Black "Schneider Ristol, Alej"]
[Result "1-0"]
[WhiteElo "2171"]
[BlackElo "2091"]
[PlyCount "67"]
[EventDate "2014.??.??"]
[EventType "team"]
[EventCountry "ESP"]

1. e4 d5 2. exd5 Qxd5 3. Nc3 Qa5 4. d4 Nf6 5. Bc4 c6 6. Bd2 Bf5 7. Qe2 e6 8.
Nd5 Qd8 9. Nxf6+ Qxf6 10. O-O-O Qg6 11. Nf3 Be7 12. h3 Nd7 13. Bf4 O-O 14. g4
Be4 15. Rhe1 Bxf3 16. Qxf3 Bg5 17. Bxg5 Qxg5+ 18. Kb1 Rad8 19. Qg3 Nb6 20. f4
Qa5 21. Bd3 Nd5 22. c3 Qc7 23. Qh4 g6 24. f5 exf5 25. gxf5 Qf4 26. Qxf4 Nxf4
27. Re7 Rb8 28. Bc4 Nxh3 29. fxg6 hxg6 30. Rf1 Ng5 31. Rg1 Nf3 32. Rxg6+ Kh8
33. Bxf7 Nd2+ 34. Kc2 1-0

[Event "Lliga Catalana eq. DH"]
[Site "?"]
[Date "2014.03.29"]
[Round "1.10"]
[White "Garcia Jimenez, FJ."]
[Black "Hernando Rodrigo, JM."]
[Result "1-0"]
[WhiteElo "2362"]
[BlackElo "2368"]
[PlyCount "71"]
[EventDate "2014.??.??"]
[EventType "team"]
[EventCountry "ESP"]

1. e4 e6 2. d4 d5 3. exd5 exd5 4. c4 Nf6 5. Nc3 Be7 6. Nf3 O-O 7. cxd5 Nxd5 8.
Bd3 Nc6 9. O-O Bg4 10. h3 Bxf3 11. Qxf3 Ndb4 12. d5 Ne5 13. Bxh7+ Kxh7 14. Qh5+
Kg8 15. Qxe5 Bf6 16. Qg3 Bxc3 17. bxc3 Nxd5 18. Rd1 c6 19. Ba3 Qf6 20. Bxf8
Rxf8 21. Rd4 Re8 22. Rad1 Re2 23. c4 Nc3 24. Rf4 Rxa2 25. Rxf6 Ne2+ 26. Kh2
Nxg3 27. Rd8+ Kh7 28. Rxf7 Nf1+ 29. Kg1 Nd2 30. h4 b5 31. cxb5 cxb5 32. Rdd7 a5
33. Rxg7+ Kh6 34. Rg5 Ra1+ 35. Kh2 Rd1 36. Rgd5 1-0

[Event "Lliga Catalana eq. DH"]
[Site "?"]
[Date "2014.01.25"]
[Round "1.10"]
[White "Gardela Batlle, J."]
[Black "Fernandez Alonso, MA."]
[Result "1-0"]
[WhiteElo "2243"]
[BlackElo "2214"]
[PlyCount "69"]
[EventDate "2014.??.??"]
[EventType "team"]
[EventCountry "ESP"]

1. Nf3 d5 2. d4 Nf6 3. c4 c6 4. cxd5 cxd5 5. Nc3 Nc6 6. Bf4 a6 7. e3 g6 8. Ne5
Nh5 9. Bg5 Nxe5 10. dxe5 Be6 11. Be2 Ng7 12. Bf3 h6 13. Bf4 g5 14. Bg3 Qa5 15.
Bxd5 Rd8 16. e4 Bxd5 17. exd5 Nf5 18. e6 Bg7 19. exf7+ Kf8 20. O-O Bxc3 21.
bxc3 Qxd5 22. Qxd5 Rxd5 23. Rad1 Rxd1 24. Rxd1 Nxg3 25. Rd8+ Kxf7 26. Rxh8 Ne2+
27. Kf1 Nxc3 28. Rxh6 Nd5 29. Rh8 Ke6 30. Ra8 Kd6 31. Rg8 Nc3 32. a3 a5 33.
Rxg5 b5 34. Rg3 b4 35. Rxc3 1-0

[Event "Lliga Catalana eq. DH"]
[Site "?"]
[Date "2014.01.25"]
[Round "1.10"]
[White "Heredia Tarrats, A."]
[Black "Bosque Ortega, X."]
[Result "0-1"]
[WhiteElo "2199"]
[BlackElo "2293"]
[PlyCount "86"]
[EventDate "2014.??.??"]
[EventType "team"]
[EventCountry "ESP"]

1. e4 c6 2. d4 g6 3. Nc3 d5 4. Be3 Bg7 5. Qd2 dxe4 6. Nxe4 Nd7 7. Nf3 Ngf6 8.
Nxf6+ Nxf6 9. Bh6 Bxh6 10. Qxh6 Bg4 11. O-O-O Bxf3 12. gxf3 Qd5 13. Kb1 Qxf3
14. Bc4 e6 15. Rhe1 O-O-O 16. Qh4 Nh5 17. Qe7 Rd7 18. Qc5 Rhd8 19. Qxa7 Qxf2
20. Ba6 Qxh2 21. Rd3 Qb8 22. Qb6 Qc7 23. Qa7 bxa6 24. Qxa6+ Qb7 25. Qa4 Qb5 26.
Qa8+ Kc7 27. Qa7+ Qb7 28. Qa5+ Qb6 29. Qe5+ Kc8 30. Rb3 Qc7 31. Qe2 Qa7 32. Qc4
Rxd4 33. Qxc6+ Qc7 34. Qa6+ Kd7 35. Rb7 Ke8 36. c3 R4d6 37. Qa7 Qc4 38. Re7+
Kf8 39. Rxf7+ Kg8 40. Rff1 Qd3+ 41. Kc1 Nf4 42. Qf2 g5 43. Rg1 Qf5 0-1

[Event "Lliga Catalana eq. DH"]
[Site "?"]
[Date "2014.02.22"]
[Round "1.10"]
[White "Iglesias Romero, J."]
[Black "Colon Garcia, E."]
[Result "0-1"]
[WhiteElo "2371"]
[BlackElo "2405"]
[PlyCount "72"]
[EventDate "2014.??.??"]
[EventType "team"]
[EventCountry "ESP"]

1. Nf3 Nf6 2. g3 e6 3. c4 d5 4. b3 Be7 5. Bg2 O-O 6. O-O c5 7. e3 Nc6 8. Qe2 b6
9. Bb2 Bb7 10. d3 Qc7 11. Nc3 Rac8 12. cxd5 exd5 13. d4 Nb4 14. Nb5 Qd8 15. Bh3
Ra8 16. a3 Nc6 17. dxc5 bxc5 18. Rfd1 Qb6 19. Rab1 Ba6 20. a4 Rfd8 21. Bf1 Bc8
22. Ne5 a6 23. Nxc6 Qxc6 24. Nc3 Bg4 25. f3 Bf5 26. Rbc1 h5 27. Rd2 Qb6 28.
Rcd1 Qxb3 29. Nxd5 Rxd5 30. Rxd5 Nxd5 31. e4 Bf6 32. Bxf6 Nxf6 33. exf5 Qxa4
34. Rd6 a5 35. Qe3 Rc8 36. Qg5 Qa1 0-1

[Event "Lliga Catalana eq. DH"]
[Site "?"]
[Date "2014.02.15"]
[Round "1.10"]
[White "Jareño Badenas, A."]
[Black "Perez Carboneras, L."]
[Result "1-0"]
[WhiteElo "2212"]
[BlackElo "1805"]
[PlyCount "77"]
[EventDate "2014.??.??"]
[EventType "team"]
[EventCountry "ESP"]

1. e4 e6 2. d4 d5 3. e5 c5 4. c3 Nc6 5. Nf3 Qb6 6. a3 cxd4 7. cxd4 Nge7 8. Nc3
Nf5 9. Na4 Qd8 10. b4 Be7 11. Bb2 Bd7 12. Nc5 Bxc5 13. dxc5 a6 14. Bd3 O-O 15.
h4 Rc8 16. g3 Na7 17. O-O Bb5 18. Bxb5 Nxb5 19. a4 Na7 20. Nd4 Nxd4 21. Bxd4
Nc6 22. b5 Nxd4 23. Qxd4 axb5 24. axb5 Qc7 25. Rfc1 Ra8 26. c6 Rxa1 27. Qxa1
bxc6 28. Rxc6 Qb7 29. Qa6 Qxa6 30. bxa6 g6 31. a7 Kg7 32. Rb6 Ra8 33. Rb7 h6
34. Kf1 h5 35. Ke2 g5 36. hxg5 Kg6 37. f4 Kf5 38. Rxf7+ Kg4 39. g6 1-0